000 00303nam a22001097a 4500
082 _a658 DOW'M
100 _aDOWNEY, J. C. T
_957255
245 _aMANAGEMENT IN THE ARMED FORCES ,AN ANATOMY OF THE MILITARY PREFECTION
260 _aRAWALPINDI
_bARMY EDUCATION PRESS
_c1991
300 _a221P
942 _cBK
999 _c567547
_d567547